Introductory statistics (Record no. 241176)

MARC details
000 -LEADER
fixed length control field 00778nam a22002537a 4500
005 - DATE AND TIME OF LATEST TRANSACTION
control field 20260408100107.0
008 - FIXED-LENGTH DATA ELEMENTS--GENERAL INFORMATION
fixed length control field 260408b |||||||| |||| 00| 0 eng d
020 ## - INTERNATIONAL STANDARD BOOK NUMBER
International Standard Book Number 9789357466448
040 ## - CATALOGING SOURCE
Transcribing agency AL
041 ## - LANGUAGE CODE
Language code of text/sound track or separate title English
082 ## - DEWEY DECIMAL CLASSIFICATION NUMBER
Classification number 519.5
Item number MANI
100 ## - MAIN ENTRY--PERSONAL NAME
Personal name Prem S Mann
100 ## - MAIN ENTRY--PERSONAL NAME
9 (RLIN) 260648
245 ## - TITLE STATEMENT
Title Introductory statistics
250 ## - EDITION STATEMENT
Edition statement 10.
260 ## - PUBLICATION, DISTRIBUTION, ETC.
Place of publication, distribution, etc. New Delhi
Name of publisher, distributor, etc. Wiley India Pvt Ltd
Date of publication, distribution, etc. 2024
300 ## - PHYSICAL DESCRIPTION
Extent xvii,684p.
Other physical details PB
Dimensions 28x22cm
365 ## - TRADE PRICE
Price type code VBI-2645
Price amount ₹896.25
Currency code
Unit of pricing ₹1195.00
Price note 25%
Price effective from 20-02-2026
650 ## - SUBJECT ADDED ENTRY--TOPICAL TERM
Topical term or geographic name entry element Descriptive Statistics
9 (RLIN) 260649
650 ## - SUBJECT ADDED ENTRY--TOPICAL TERM
Topical term or geographic name entry element Probability and Distributions
9 (RLIN) 260650
650 ## - SUBJECT ADDED ENTRY--TOPICAL TERM
Topical term or geographic name entry element Inferential Statistics
9 (RLIN) 260651
650 ## - SUBJECT ADDED ENTRY--TOPICAL TERM
Topical term or geographic name entry element Statistical Analysis Techniques
9 (RLIN) 260652
650 ## - SUBJECT ADDED ENTRY--TOPICAL TERM
Topical term or geographic name entry element Regression and Prediction
9 (RLIN) 260653
942 ## - ADDED ENTRY ELEMENTS (KOHA)
Source of classification or shelving scheme Dewey Decimal Classification
Koha item type Book
Holdings
Withdrawn status Lost status Source of classification or shelving scheme Damaged status Not for loan Collection code Home library Current library Date acquired Source of acquisition Cost, normal purchase price Total Checkouts Full call number Barcode Date last seen Cost, replacement price Price effective from Koha item type
    Dewey Decimal Classification     Information Science and Engineering St Aloysius Engineering Library St Aloysius Engineering Library 04/06/2026 Vidyarthi Books 896.25   519.5 MANI SE000443 04/08/2026 1195.00 02/20/2026 Book